Random Geography & history - Statistics

General Stats
  • This quiz has been taken 23 times
  • The average score is 53 of 80
Answer Stats
Question Tile Select % Correct
Which Countries shown here use the rupee as their currency Afghanistan No
95%
Which Countries shown here use the rupee as their currency Brunei No
95%
Which Countries shown here use the rupee as their currency Comoros No
95%
Countries that had colonies in Africa Czech Republic No
95%
Countries that had colonies in Africa Ireland No
95%
Countries in which more than 50% of the people are Muslim Israel No
95%
Countries in which more than 50% of the people are Muslim Nepal No
95%
Countries that had colonies in Africa Norway No
95%
Which Countries shown here use the rupee as their currency Singapore No
95%
What dynasties shown here were ruled by hindus for at least 10 years Song Empire No
95%
What dynasties shown here were ruled by hindus for at least 10 years Tang Dynasty No
95%
Countries that had colonies in Africa Ukraine No
95%
Countries in which more than 50% of the people are Muslim Bhutan No
90%
Countries in which more than 50% of the people are Muslim India No
90%
Countries in which did 1 million or more people died during ww2 Iran No
90%
Which Countries shown here use the rupee as their currency Malaysia No
90%
Countries in which did 1 million or more people died during ww2 Mexico No
90%
Countries in which did 1 million or more people died during ww2 Saudi Arabia No
90%
Countries in which did 1 million or more people died during ww2 Spain No
90%
Countries in which did 1 million or more people died during ww2 Turkey No
90%
Countries that had colonies in Africa Austria No
85%
Which Countries shown here use the rupee as their currency Bhutan No
85%
Countries in which did 1 million or more people died during ww2 Canada No
85%
Countries in which did 1 million or more people died during ww2 Egypt No
85%
Countries that had colonies in Africa Greece No
85%
Which Countries shown here use the rupee as their currency India Yes
85%
Countries that had colonies in Africa Poland No
85%
Countries in which more than 50% of the people are Muslim Singapore No
85%
Countries that had colonies in Africa Switzerland No
85%
Countries that had colonies in Africa Turkey No
85%
What dynasties shown here were ruled by hindus for at least 10 years Durrani Empire No
80%
Countries in which did 1 million or more people died during ww2 Germany Yes
80%
Which Countries shown here use the rupee as their currency Maldives No
80%
Countries in which more than 50% of the people are Muslim Montenegro No
80%
Which Countries shown here use the rupee as their currency Myanmar (Burma) No
80%
Countries in which more than 50% of the people are Muslim Albania Yes
75%
Countries in which more than 50% of the people are Muslim Indonesia Yes
75%
What dynasties shown here were ruled by hindus for at least 10 years Maldivian Sultanate No
75%
Countries in which did 1 million or more people died during ww2 Soviet Union Yes
75%
Countries in which more than 50% of the people are Muslim Turkey Yes
75%
Which Countries shown here use the rupee as their currency Bangladesh No
70%
Countries in which more than 50% of the people are Muslim Eritrea No
70%
Countries that had colonies in Africa Germany Yes
70%
Which Countries shown here use the rupee as their currency Indonesia No
70%
Countries in which did 1 million or more people died during ww2 Italy No
70%
What dynasties shown here were ruled by hindus for at least 10 years Kingdom of Nepal Yes
70%
Countries in which did 1 million or more people died during ww2 United Kingdom No
70%
What dynasties shown here were ruled by hindus for at least 10 years Kushan Empire No
65%
Countries in which did 1 million or more people died during ww2 United States No
65%
Countries in which did 1 million or more people died during ww2 Yugoslavia No
65%
Countries in which more than 50% of the people are Muslim Ethiopia No
60%
What dynasties shown here were ruled by hindus for at least 10 years Gupta Empire Yes
55%
Countries that had colonies in Africa Netherlands Yes
55%
Countries in which more than 50% of the people are Muslim South Sudan No
55%
What dynasties shown here were ruled by hindus for at least 10 years Awadh Dynasty No
50%
What dynasties shown here were ruled by hindus for at least 10 years Delhi Sultanate No
50%
Countries in which did 1 million or more people died during ww2 Japan Yes
50%
What dynasties shown here were ruled by hindus for at least 10 years Kingdom of Bhutan No
50%
Countries in which more than 50% of the people are Muslim Kosovo Yes
50%
Which Countries shown here use the rupee as their currency Nepal Yes
50%
Countries that had colonies in Africa Netherlands Yes
50%
Countries in which more than 50% of the people are Muslim Maldives Yes
45%
What dynasties shown here were ruled by hindus for at least 10 years Mughal Empire No
45%
What dynasties shown here were ruled by hindus for at least 10 years Chola Dynasty Yes
40%
Which Countries shown here use the rupee as their currency Sri Lanka Yes
40%
Countries that had colonies in Africa Denmark Yes
35%
Which Countries shown here use the rupee as their currency Pakistan Yes
35%
Countries that had colonies in Africa United States Yes
35%
Countries in which did 1 million or more people died during ww2 France No
30%
Countries in which more than 50% of the people are Muslim Nigeria Yes
30%
Countries in which did 1 million or more people died during ww2 China Yes
25%
What dynasties shown here were ruled by hindus for at least 10 years Khmer Empire Yes
25%
What dynasties shown here were ruled by hindus for at least 10 years Maurya Empire Yes
25%
What dynasties shown here were ruled by hindus for at least 10 years Dogra Dynasty Yes
20%
Countries that had colonies in Africa Russia Yes
20%
Countries in which more than 50% of the people are Muslim Sierra Leone Yes
20%
What dynasties shown here were ruled by hindus for at least 10 years Kuru Kingdom Yes
15%
Which Countries shown here use the rupee as their currency Mauritius Yes
15%
Countries that had colonies in Africa Sweden Yes
15%
Which Countries shown here use the rupee as their currency Seychelles Yes
5%
No matching quizzes found
Score Distribution
Percent of People with Each Score
Percentile by Number Answered
Your Score History
You have not taken this quiz